Historia General de América Latina

Saved in:
Bibliografiske detaljer
Format: Bog
Sprog:spansk
Udgivet: Madrid Trotta 2008
Fag:
Tags: Tilføj Tag
Ingen Tags, Vær først til at tagge denne postø!

MARC

LEADER 00000cam a2200000 a 4500
001 UCI9724
003 CL-VaPUC
008 081204e20080000SP |||||||||||||||||spa|d
020 |a 9788481647525v.7 
082 0 4 |a 980  |b HIS  |2 21 
245 1 0 |a Historia General de América Latina 
300 |a v 
942 |c BK 
945 |d 20081204 00:00:00  |a rbrito 
260 |a Madrid  |b Trotta  |c 2008 
500 |a v.7: Los proyectos nacionales latinoamericanos: sus instrumentos y articulación, 1870-1930 
650 7 |a HISTORIA DE AMERICA SIGLOS 19-20  |2 CL-VaPUC  |9 442101 
651 0 |a América Latina   |9 255027 
583 |a last modification  |c 20111216 08:58:42  |k Rodrigo Vera 
999 |c 332206  |d 332204 
952 |0 0  |1 0  |4 0  |6 980_000000000000000_HIS_2008  |7 0  |8 A  |9 419689  |a BIBDER  |b BIBDER  |d 2019-11-22  |h v.7  |i 4502612  |l 1  |o 980 HIS 2008  |p 4502612  |r 2023-01-25  |s 2020-01-24  |w 2019-11-22  |y BK  |k DER 
952 |0 0  |1 0  |4 0  |6 980_000000000000000_HIS_2008  |7 0  |8 X  |9 419690  |a BIBHIS  |b BIBHIS  |d 2019-11-22  |h v.7  |i 4803388  |o 980 HIS 2008  |p 4803388  |r 2024-01-30  |w 2019-11-22  |y BK_X  |k HIS